| 000 | 00433nam a2200169Ia 4500 | ||
|---|---|---|---|
| 003 | GCL | ||
| 008 | 140319s9999 xx 000 0 eng d | ||
| 040 |
_aGCL / _cGCL |
||
| 082 | 0 | 4 |
_aCH _b832 _bM A |
| 100 | 1 | _aMILLARD, ANNE | |
| 245 | 1 | 0 |
_aANCIENT EGYPT: EVERYDAY LIFE IN EGYPTIAN TIMES / _cMILLARD, ANNE |
| 260 |
_a[S.N] : _bUSBORNE ، _c1981 |
||
| 300 | _a64 P | ||
| 650 | 0 | 4 | _aEGYPT |
| 650 | 0 | 4 | _aANCIENT EGYPT |
| 942 |
_2ddc _cBK |
||
| 999 |
_c15156 _d15156 |
||